000
002310000a22000970004500
100
1
_a
Hamilton, Tim
245
1
0
_a
Ready or not : When disaster strikes
300
_a
Num. 22 (2002), Páginas 22-23
773
0
_t
Teartimes
942
_c
ANA
999
_c
56015
_d
56015